| 000 | 00655nam a2200217 a 4500 | ||
|---|---|---|---|
| 008 | |||
| 020 | _a9781781251966 (pbk.) | ||
| 049 | _aMAIN | ||
| 090 |
_aBF575.S39 _bCHA |
||
| 100 | 1 | _aChamorro -Premuzic, Tomas. | |
| 245 | 1 | 0 |
_aConfidence : _bOvercoming low self esteem, insecurity, and self doubt/ _cTomas Chamorro-Premuzic. |
| 260 |
_aLondon : _bProfile Books, _c2013. |
||
| 300 |
_aix, 258 p. ; _c22 cm. |
||
| 650 | 1 | _aSelf confidence. | |
| 650 | _aSelf esteem. | ||
| 907 |
_a.b10360190 _b03-09-15 _c31-08-15 |
||
| 003 | |||
| 005 | 20240222100748.0 | ||
| 040 | _cNUST | ||
| 942 |
_cBOOKS _kBF575.S39 _mCHA _02 |
||
| 999 |
_c128833 _d128833 |
||